Queens of England by Right Of Succession - Statistics

General Stats
  • This quiz has been taken 39 times
  • The average score is 6 of 7
Answer Stats
Hint Answer % Correct
Last of the Stuarts Anne
100%
Youngest daughter of Henry VIII Elizabeth I
100%
The worlds longest serving Queen Elizabeth II
100%
Last of the Hanoverians Victoria
96%
eldest daughter of Henry VIII Mary I
91%
Ruled jointly with her husband William III Mary II
83%
Not crowned Jane
70%
No matching quizzes found
Score Distribution
Percent of People with Each Score
Percentile by Number Answered
Your Score History
You have not taken this quiz